[Event "Interpolis-03"]
[Site "Tilburg"]
[Date "1979.11.14"]
[Round "10"]
[White "Hort, Vlastimil"]
[Black "Sosonko, Gennadi"]
[Result "1-0"]
[WhiteElo "2600"]
[BlackElo "2535"]
[Annotator "Ftacnik,L"]
[PlyCount "61"]
[EventDate "1979.11.01"]
[EventType "tourn"]
[EventRounds "11"]
[EventCountry "NED"]
[EventCategory "15"]
[SourceTitle "MCL"]
[Source "ChessBase"]
[SourceDate "1999.07.01"]
[SourceVersion "1"]
[SourceVersionDate "1999.07.01"]
[SourceQuality "1"]

1. e4 c5 2. Nf3 d6 3. d4 cxd4 4. Nxd4 Nf6 5. Nc3 g6 6. f3 Bg7 7. Be3 Nc6 8. Qd2
O-O 9. O-O-O Nxd4 10. Bxd4 Be6 11. Kb1 (11. g4 $6 Qa5 12. Kb1 Rfc8 {/\13...
Tc3!}) (11. Nd5 Bxd5 12. exd5 Qc7 13. g4 Rac8 14. c3 Qa5 15. g5 Nh5 16. Bxg7
Nxg7 $1 {Timman-Sosonko/Hoogoven/1978}) 11... Qc7 (11... Qa5 12. Bxf6 Bxf6 13.
Nd5) 12. g4 Rfc8 13. g5 (13. h4 Qa5 14. a3 Rab8 15. h5 b5 16. h6 Bh8 (16... b4
17. Nd5 $1 Nxd5 $8 18. hxg7 Nc3+ 19. Ka1 f6 $1 20. Re1 (20. Rc1 bxa3) 20... Nb5
(20... bxa3 21. b3 $1) 21. Bxb5 Qxb5 {Maliutin,E-Alterman/USSR/1989/} 22. b3 $1
bxa3 23. Qh6 $1 Kf7 24. Qxh7 Rg8 25. g5 Rxg7 26. Qh6) 17. Bxf6 Bxf6 18. Nd5 b4
(18... Qxd2 $143) 19. axb4 Qa4 $40 {Ostermeyer-Sosonko/Mannheim/1975}) 13...
Nh5 (13... Nd7 14. Bxg7 Kxg7 15. Nd5 $1 Bxd5 (15... Qd8 16. h4 $36) 16. exd5
Nb6 $8 (16... Ne5 17. f4 Nc4 (17... Nf3 $2 18. Qf2 Qc5 19. Qxc5 Rxc5 20. h4 $1
$18) 18. Qc3+ (18. Qd4+ Kg8 19. Bh3 Re8 20. Bg4 Qc5 21. Rhe1 Qxd4 22. Rxd4 Nb6
23. c4 Rad8 24. b3 Kf8 25. Rd3 $16 {Hellers,F-Valvo,M/New York op (1)/1990/})
18... Kg8 19. Bh3) 17. Bh3 Rh8 $1 18. Bg4 $1 h5 $6 (18... h6 19. h4 hxg5 20.
hxg5 Qc5 21. Rhe1 Rae8 22. Re4 $16) 19. Bh3 Rhe8 20. Rhe1 Nd7 21. Re3 f5 22.
Rde1 Nf8 23. Qe2 $16 {Popovic,P-Kozul,Z/JUG-ch/1989/}) 14. Nb5 (14. Bxg7 Nxg7
15. Nd5 Bxd5 (15... Qd7 16. c4 (16. f4 b5 17. Be2 Rc5 $13 {Morris-Hansen Su./
Gausdal Troll/1992}) 16... Rc5 17. Qd4 Rac8 18. Bd3 Bxd5 19. cxd5 e5 {0,5/
Chandler,M-Watson,W/London WFW/1990/}) 16. exd5 e5 (16... Qc5 {N} 17. Bh3 Rc7 {
[#]} 18. Bg4 $1 f5 19. Bh3 $1 Re8 20. f4 $1 e5 21. dxe6 Rxe6 22. Bg2 $16 {
Martyniuk-Koroviansky/corr/1992}) 17. dxe6 Nxe6 18. Bh3 (18. h4 Nf4 19. Bh3
Nxh3 20. Rxh3 Re8 21. h5 Re6 22. Rdh1 Rae8 23. hxg6 fxg6 24. b3 R8e7 25. Qd5
$14 {Morozevic,A-Kalikstein,A/URS-chJ Jurmala/1992/}) 18... Re8 19. Rhe1 d5 20.
Bxe6 fxe6 21. f4 Rac8 22. Re5 Qf7 23. b3 Rc6 24. Qd4 Rec8 25. Rd2 $13 {
Kuporosov,V-Tolnai,T/Budapest Spring op (6)/1990}) 14... Qd8 $1 15. Bxg7 Nxg7
$13 16. Nd4 Rc5 $10 17. h4 Rac8 18. Rc1 Qb6 $2 (18... Qa5 $1 $10 19. Qxa5 Rxa5
20. b3 (20. Nxe6 fxe6 (20... Nxe6)) 20... Rac5) (18... Bd7 {/\e5, d5} 19. Be2
e5 20. Nb3 R5c6 21. Na5 Rb6 22. Nc4 $16) 19. Nxe6 fxe6 (19... Nxe6 20. Bh3 $1
$16) 20. Bh3 Qa5 21. c3 $14 R5c6 22. Bg4 Ra6 23. a3 Qb5 24. Ka1 Rc4 25. h5 Rca4
26. Rc2 $1 $8 {/\27.hg hg 28.Th6} gxh5 27. Bxh5 R6a5 $2 (27... Nxh5 28. Rxh5
Qf1+ 29. Qc1 $1 $16 (29. Ka2 Qc4+ 30. Kb1 Qb3 $13) (29. Rc1 Qb5 $13) 29...
Qxc1+ (29... Qxf3 30. Rch2 Qxe4 31. Rxh7 Qxh7 32. Rxh7 Kxh7 33. Qh1+ $18) 30.
Rxc1 R6a5 31. Rch1 h6 $1 32. gxh6 (32. Rxh6 Rxg5 33. Rxe6 Kf7 $16) 32... Rxh5
33. Rxh5 Kh7 $16 {Ta4-c4-c8}) 28. Qh2 $1 Qxg5 $2 (28... Qe5 29. Bg4 (29. Qh3 $5
$16) 29... Qxh2 30. Rcxh2 Rxg5 31. Rxh7 $16) (28... Qb3 $5 29. Bg4 $14) 29. Be8
$1 $18 Nxe8 30. Rg2 Nf6 31. Rhg1 (31. Rhg1 Qxg2 32. Qxg2+ Kf7 33. Qg7+ Ke8 34.
Qh8+ Kd7 35. Rg7 {/\36.Df8+-}) 1-0

[Event "Interzonal-14a"]
[Site "Subotica"]
[Date "1987.??.??"]
[Round "7"]
[White "Popovic, Petar"]
[Black "Sax, Gyula"]
[Result "1-0"]
[WhiteElo "2540"]
[BlackElo "2565"]
[Annotator "Ftacnik,L"]
[PlyCount "75"]
[EventDate "1987.06.??"]
[EventType "tourn"]
[EventRounds "17"]
[EventCountry "YUG"]
[EventCategory "11"]
[SourceTitle "CBM 003"]
[Source "ChessBase"]
[SourceDate "1988.04.01"]
[SourceVersion "1"]
[SourceVersionDate "1988.04.01"]
[SourceQuality "1"]

1. e4 c5 2. Nf3 d6 3. d4 cxd4 4. Nxd4 Nf6 5. Nc3 g6 6. Be3 Bg7 7. f3 O-O 8. Qd2
Nc6 9. O-O-O d5 10. exd5 Nxd5 11. Nxc6 bxc6 12. Bd4 e5 13. Bc5 Be6 $5 (13...
Re8) 14. Ne4 Rb8 15. Bc4 Re8 $5 (15... f5 $6 16. Ng5 e4 17. c3 $16 (17. Bb3 Qf6
18. Bd4 e3 19. Qxe3)) (15... a5 $5) 16. h4 a5 17. Bb3 h6 18. g4 Ra8 19. a4 $14
Qc7 20. g5 h5 21. Qf2 Red8 22. Rd3 Rab8 23. Rhd1 Rd7 24. Ba3 Bf5 25. Bxd5 $2 (
25. Kb1 Rdd8 (25... Qd8 26. R3d2) 26. Bxd5 cxd5 27. Rxd5 Rxd5 28. Rxd5 Qc4 29.
Rxa5 Bxe4 30. fxe4 Qxe4 31. Ra7 Qf5) 25... cxd5 26. Rxd5 Rxd5 27. Rxd5 Qc4 28.
Rxa5 Qa2 29. Nd6 (29. Nc3 $2 Qa1+ 30. Nb1 e4 31. Rb5 Rc8 32. Rc5 Rd8) 29... e4
30. Rb5 Rd8 31. fxe4 $2 (31. Rb3 exf3 $17) 31... Bxe4 $2 (31... Bc3 $3 32. bxc3
Qxa3+ 33. Rb2 (33. Kb1 Rxd6 $19) 33... Qxd6 $19) 32. Rb3 (32. Qb6 Bc3 $1 33.
Qxd8+ Kh7 $19) 32... Qa1+ $2 (32... Bf5 33. Qe1 Bf8 $1 34. Rb6 Bxd6 $1 35. Bxd6
(35. Rxd6 Rc8 $19) 35... Qa1+ 36. Kd2 Qxa4 $19) 33. Kd2 Qb1 34. Qxf7+ Kh8 $2 (
34... Kh7 35. Rc3 (35. Qc7 Qg1) 35... Rf8 (35... Qg1 36. Rc7 Qd4+ 37. Ke2 Bxc2
38. Qxg7+ $16) 36. Qxf8 Bxf8 37. Rc7+ Kg8 38. Nxe4 Bxa3 39. bxa3 $13) 35. Qc7
$18 Rd7 36. Qc4 Qh1 37. Rb8+ Kh7 38. Qg8# 1-0

[Event "Interzonal-15"]
[Site "Manila"]
[Date "1990.??.??"]
[Round "8"]
[White "Illescas Cordoba, Miguel"]
[Black "Georgiev, Kiril"]
[Result "1/2-1/2"]
[WhiteElo "2535"]
[BlackElo "2580"]
[Annotator "Ftacnik,L"]
[PlyCount "98"]
[EventDate "1990.06.29"]
[EventType "swiss"]
[EventRounds "13"]
[EventCountry "PHI"]
[SourceTitle "CBM 019"]
[Source "ChessBase"]
[SourceDate "1990.12.01"]
[SourceVersion "1"]
[SourceVersionDate "1990.12.01"]
[SourceQuality "1"]

1. e4 c5 2. Nf3 d6 3. d4 cxd4 4. Nxd4 Nf6 5. Nc3 g6 6. Be3 Bg7 7. f3 O-O 8. Qd2
Nc6 9. O-O-O d5 10. exd5 Nxd5 11. Nxc6 bxc6 12. Bd4 e5 13. Bc5 Re8 14. Nxd5
cxd5 15. Qxd5 Qxd5 16. Rxd5 Be6 17. Rd6 Bxa2 18. b4 Bf8 $5 (18... a5) 19. Rc6
$6 (19. Ra6 $142 $14) 19... e4 $1 $15 20. Bxf8 Kxf8 (20... exf3 $2 21. Bc5 $1
Bd5 22. Bb5 $1 $18) 21. Kb2 Bd5 22. Rc5 Rad8 23. Be2 $1 (23. Bb5 exf3 24. Bxe8
(24. gxf3 Bxf3 25. Rf1 Be2 $19) 24... fxg2 $19) 23... exf3 24. Bxf3 Bxf3 25.
gxf3 Rd4 26. c3 Rd6 27. Kb3 h5 28. f4 Rf6 29. f5 $2 (29. Ra1 $10) 29... gxf5
30. Rf1 f4 31. Rxh5 Re3 32. Kc2 $6 (32. Ra5 $142 a6 33. Ra2 {/\ Rc2, Ka4,
c4-c5=}) 32... f3 33. Kd2 Re2+ 34. Kd3 Rd6+ 35. Kc4 Re4+ 36. Kb5 Rf6 37. Rh8+
$2 $138 Kg7 38. Rh3 f2 39. Rg3+ Kh6 40. Rg2 Ref4 $2 (40... Re2 $1 $17 {/\
Kh5-h4-h3}) 41. c4 Kh5 42. c5 a6+ 43. Ka4 Kh4 44. c6 $1 $10 Rxc6 (44... Kh3 $2
45. Rg3+ Kxh2 46. Rc3 Kg2 47. Rxf2+ Rxf2 48. c7 $18) 45. Rgxf2 Rxf2 46. Rxf2 f6
47. b5 axb5+ 48. Kxb5 Re6 49. Kc4 Kg5 1/2-1/2

[Event "Edmonton 11th"]
[Site "Edmonton"]
[Date "2016.06.24"]
[Round "7"]
[White "Ganguly, Surya Shekhar"]
[Black "Wang, Richard"]
[Result "1-0"]
[WhiteElo "2654"]
[BlackElo "2341"]
[Annotator "Ganguly,S"]
[PlyCount "49"]
[EventDate "2016.06.18"]
[EventType "tourn"]
[EventRounds "9"]
[EventCountry "CAN"]
[EventCategory "9"]
[SourceTitle "CBM 173"]
[Source "ChessBase"]
[SourceDate "2016.07.12"]
[SourceVersion "1"]
[SourceVersionDate "2016.07.12"]
[SourceQuality "1"]

1. e4 c5 2. Nf3 d6 3. d4 cxd4 4. Nxd4 Nf6 5. Nc3 g6 {Richard has played the
Dragon a number of times and it's a part of his main repertoire. The rounds in
Edmonton start at 6pm normally which gives ample time to prepare nicely.} 6.
Be3 Bg7 7. f3 Nc6 8. Qd2 O-O 9. O-O-O d5 10. Qe1 e5 11. Nxc6 bxc6 12. exd5 cxd5
$6 (12... Nxd5 {is much more popular and the main line. This is also
recommended by Garwain Jones in his new Dragon book.}) 13. Bg5 Be6 14. Bc4 Qc7
15. Bxd5 {This is risky and rare compared to the solid 15.Bxf6 which gives
small edge to White but during my preparation I felt 15.Bxd5 is objectively
stronger.} (15. Bxf6 dxc4 (15... Bxf6 16. Bxd5 $16) 16. Bxg7 Kxg7 17. Nd5 Bxd5
18. Rxd5 Rfe8 19. Qc3 $14 {Leko - Carlsen, 2008}) 15... Nxd5 16. Nxd5 Bxd5 17.
Rxd5 Rab8 (17... Qc4 18. Ra5 {was another direction which I was analysing
before the game.}) 18. b3 (18. Qa5 Qc6 19. b3 Rfc8 20. c4 $16 {was my
preparation but I messed up with the move order. Luckily that doesn't change
much.}) 18... Rfc8 19. c4 $1 {Since I knew the setup all I had to do was make
sure that it's not a blunder!} Qb7 20. Qe4 $1 {After a long thought. It was a
tough job to spot and understand the strength of my 21st move.} (20. Qa5 {
I spent quite some time on this. It would have been nice if this worked as
this takes away all the key squares from the black queen but unfortunately it
is refuted in a direct way.} Rxc4+ $1 {forces a draw.} (20... h6 $5 21. Rd8+
Rxd8 22. Bxd8 Rc8 $44 {also gives good compensation for Black.}) 21. bxc4 Qb1+
22. Kd2 Qxh1 23. Rd8+ Rxd8+ 24. Qxd8+ Bf8 25. Be7 Qxg2+ {I looked deeper and
realised there is no way to avoid perpetual check. The only way to avoid it is
to go to a5 but then it is White who loses.} 26. Kc1 (26. Ke3 Qg1+ 27. Ke4 Qb1+
{doesn't help}) 26... Qf1+ 27. Kb2 Qe2+ 28. Ka3 $2 (28. Kb1 $11) 28... Qxf3+
29. Ka4 Qc6+ 30. Ka5 {White escaped the perpetual but unfortunately loses to a
one move trick.} Qb6+ $1 {It's better to spot such moves before entering into
direct lines like this :)} 31. Qxb6 axb6+ 32. Kxb6 Bxe7 $19) 20... Qb4 21. Kd1
$1 {It took some time to understand that my king is safest in the centre and
once again I am controlling all the important squares so there is nothing to
be scared of.} f5 {.} 22. Qe1 {I simply couldn't control myself to execute the
combination that happened in the game. My original intention was to bring back
the queen to c2 and consolidate which is clearly the strongest but then I
noticed a fascinating mating attack from the white side using my h1 rook! I
lost objectivity and simply couldn't stop myself from making this move!} (22.
Qc2 $1 $16 {clearly more strong and shows good understanding of the game. This
was my original plan and there was absolutely no reason to change it. White is
in total control here and Black has no attack whatsoever.}) 22... Qa3 (22...
Rxc4 {apart from the fact that the combination which was played in the game
has a flaw, my last move also allows Black to escape with only a slightly
worse endgame.} 23. Qxb4 (23. bxc4 $2 Qa4+ $1 $19 {The only move that does not
lose but also the only move that does win for Black. It's not that difficult
to spot.}) 23... Rcxb4 24. Ke2 $14) 23. Rd7 $6 {I was still hypnotised by my
creative idea to use the h1-rook!} (23. Qd2 $1 $18) 23... h6 $2 {Looks safest
and this is what I was hoping for... Finally I get to use my h1-rook.} (23...
Qb2 24. Qd2 Qb1+ 25. Ke2 Qxh1 26. Rxg7+ Kxg7 (26... Kh8 27. Rxh7+ $18) 27. Qd7+
Kg8 28. Qe6+ Kg7 29. Qxe5+ $1 {It's important to take on e5 first before going
for Bf6.} Kf7 30. Qe7+ Kg8 31. Qe6+ Kg7 32. Bf6+ Kh6 33. Qe3+ Kh5 34. Qg5# {
was another point of this whole combination.}) (23... Qxa2 $1 24. Rxg7+ Kf8 $1
{I saw this but somehow felt Bh6 or Qxe5 should win while both in fact lose!}
25. Rxh7 {one of the ways to force a draw which is what I had to figure out
had he opted for this} (25. Bh6 Qxb3+ 26. Ke2 Qxc4+ 27. Kf2 Qh4+ $19 {[%csl
Rh6]}) (25. Qxe5 {I thought this wins as I can always meet a ...Re8 pin with
Be7+!} Qxb3+ (25... Qb1+ 26. Ke2 Qc2+ 27. Ke1 Re8 28. Be7+ $18) 26. Ke1 Qb1+
27. Kf2 Qb2+ $1 $19 {I missed this little check which is winning for Black!})
25... Rd8+ 26. Bxd8 Rxd8+ 27. Kc1 Qa1+ $11) 24. Qd2 $3 Rb6 $2 {Loses in one
move.} (24... hxg5 25. Qd5+ Kh7 (25... Kh8 26. h4 $1 {just a couple of moves
back who could imagine the rook on h1 will be the deadly piece without moving
a single square!} g4 27. h5 g5 28. h6 {I simply fell in love with this
combination of Qe1-Rd7-Qd2-Qd5-h4-h5-h6 but love is also blind and in the
process I missed some important moves :)} Bf6 29. Rh7+ $1 Kxh7 30. Qf7+ Kh8 31.
Qxf6+ Kh7 32. Qg7#) 26. h4 Kh6 27. Qd2 $1 {even this was very attractive
aesthetically... to play Qe1-Qd2-Qd5-Qd2!} f4 28. hxg5+ Kxg5 29. g3 Rf8 30.
gxf4+ Rxf4 31. Rg1+ Kf6 32. Qd3 Rf5 33. Qd5 $18) 25. Rxg7+ 1-0

[Event "Groningen"]
[Site "Groningen"]
[Date "1994.??.??"]
[Round "5"]
[White "Almasi, Zoltan"]
[Black "Georgiev, Kiril"]
[Result "1-0"]
[WhiteElo "2620"]
[BlackElo "2615"]
[Annotator "Georgiev,Ki"]
[PlyCount "89"]
[EventDate "1994.12.??"]
[EventType "tourn"]
[EventRounds "11"]
[EventCountry "NED"]
[EventCategory "15"]
[SourceTitle "CBM 045"]
[Source "ChessBase"]
[SourceDate "1995.04.01"]
[SourceVersion "1"]
[SourceVersionDate "1995.04.01"]
[SourceQuality "1"]

1. e4 {Ftacnik Ernst} c5 2. Nf3 d6 3. d4 cxd4 4. Nxd4 Nf6 5. Nc3 g6 6. Be3 Bg7
7. f3 Nc6 8. Qd2 O-O 9. O-O-O d5 10. Qe1 e6 (10... e5 {Ftacnik} 11. Nxc6 bxc6
12. exd5 $13) 11. h4 Qc7 (11... Qe7 $6 {Ernst} 12. Nb3 $16 {Sax,G-Piket,J/
Tilburg/1989/1-0/45/}) (11... Qe7 $5 {Ftacnik}) 12. h5 (12. Ndb5 {Ernst} Qa5
$13) (12. exd5 Nxd5 {Ernst} 13. Nxd5 exd5 14. Qd2 h5 $10 {Kramnik,V-Alterman,B/
URS/1990/} (14... h5 {Ftacnik} 15. Nb5 Qe7 16. Bg5 Qe5 17. c3 $10 {Kramnik,
V-Alterman,B/Moscow/1990/})) 12... Nxh5 (12... Nxd4 $6 {Ernst} 13. Bxd4 e5 14.
Nb5 Qe7 15. Bc3 Nxh5 16. exd5 Bd7 $14 {Sirigos,N-Alterman,B/Komotini op/1992/1/
2-1/2/26}) 13. exd5 (13. g4 $5) 13... exd5 (13... Nxd4 14. Bxd4 Bxd4 15. Rxd4
Qg3 16. Qe3 exd5 17. Nxd5 $14 {Luther,T-Hoffmann,M/Lippstadt/1994 ;CBM 43}) 14.
Ndb5 (14. g4 $5 Nf4 15. Qh4 $40) 14... Qe7 (14... Qg3 {Ernst} 15. Bf2 (15. Qd2
Be6 $10) (15. Nxd5 {Ftacnik} Qxe1 16. Rxe1 Ng3 $13) 15... Qf4+ 16. Be3 (16. Kb1
Be6 $10) 16... Qg3 $10) 15. Nxd5 Qe5 16. Nbc3 Re8 17. Bb5 Be6 (17... a6 {
Ftacnik} 18. f4 Nxf4 19. Bxf4 Qxe1 20. Rhxe1 Rxe1 21. Rxe1 Bxc3 22. Re8+ Kg7
23. Bxc6 $18) 18. f4 $1 Qb8 (18... Qf5 19. Bxc6 bxc6 20. Nc7 $16) 19. Qh4 Qc8 {
Um das drohende g2-g4 zu verhindern, gibt Schwarz nun die Qualität.} (19... Qd8
$2 {Ernst} 20. Qxd8 Raxd8 21. Bxc6 bxc6 22. Nc7 Rxd1+ 23. Rxd1 Rc8 (23... Re7
24. Rd8+ Bf8 25. Nxe6 fxe6 26. Ne4 $16) 24. Nxe6 fxe6 25. Rd7 $16) (19... Bxc3
{Ftacnik} 20. Nxc3 Qc8 21. Bc5 $16) 20. Bxc6 bxc6 21. Ne7+ Rxe7 22. Qxe7 Ng3
23. Rhe1 Nf5 24. Qa3 Qc7 (24... Nxe3 {Ftacnik} 25. Rxe3 Qc7 26. g3 $16) 25. Bd2
Rb8 26. Re4 (26. Kb1 {Ftacnik} Nd6 27. b3 Nc4 28. Qc5 Nxd2+ 29. Rxd2 Qxf4 $44)
26... a5 (26... Nd6 {Ftacnik} 27. Rb4 $1) 27. Rde1 Nd6 (27... Bd7 {Ernst} 28.
Qc5 Nd6 29. Re7 {/\ 30.Nd5} Nf5 30. R7e2 $16) 28. Rxe6 $1 (28. R4e2 Nc4 29. Qc5
Bf8 $132 (29... Bf8 {Ftacnik} 30. Qd4 c5 $132)) 28... fxe6 29. Qc5 Qd7 30. Nd1
$6 (30. b3 $142 Rd8 31. Qe3 (31. Qxa5 $2 Nb7 $19) 31... Kf7 $14) (30. b3 $5 $16
{Ernst /\ 31.Na4}) (30. b3 $14 {Ftacnik}) 30... Rb5 31. Qe3 e5 (31... Bxb2+ $2
{Ernst} 32. Nxb2 Rxb2 33. Qxe6+ Qxe6 34. Rxe6 Nc4 35. Rxc6 $18) (31... Rxb2 $2
{Ernst} 32. Nxb2 Bxb2+ 33. Kb1 $1 $18) 32. Bc3 Bh6 33. g3 (33. Bxe5 {Ftacnik}
Nc4 34. Qc3 Nxe5 $19) 33... Nf5 (33... exf4 34. Qd4 f3+ 35. Kb1 Bg7 36. Re8+
Kf7 37. Qxg7+ Kxe8 38. Qh8+ Kf7 39. Qf6+ Ke8 40. Qh8+ {Dauerschach./ perpetual}
) 34. Qf3 Qd6 35. Kb1 (35. Rh1 {Ftacnik} Bg7 36. Re1 Bh6 $5) 35... exf4 36. g4
(36. Re8+ {Ftacnik} Kf7 37. Rh8 Rd5 38. Rxh7+ Bg7 $17) 36... Ng3 (36... Ne3 {
Ftacnik} 37. Nxe3 fxe3 38. Qe4 $13) 37. Nf2 (37. Re8+ {Ftacnik} Bf8 38. Nf2 g5
$17) 37... Qd5 38. Ne4 Nxe4 39. Rxe4 Bg7 (39... Rb8 $142 40. b3 a4 $1 41. Kb2 (
41. Be5 axb3 $3 42. Bxb8 (42. axb3 Rb4 $19) 42... bxa2+ 43. Ka1 Bg7+ 44. c3 Qb3
$19) 41... axb3 $17) (39... Rb7 {Ftacnik} 40. Re8+ Kf7 41. Qxd5+ cxd5 42. Rh8
Ke6 $17) 40. Bxg7 Kxg7 $4 (40... Rb4 $142 $1 41. Rxf4 Rxf4 (41... Qxf3 {Ernst}
42. Rxf3 Kxg7 $17) 42. Qxf4 Qd1+ 43. Qc1 Qxc1+ 44. Kxc1 Kxg7 $17 {Und wegen
des entfernten h-Bauern Schwarz hat großen Vorteil.}) 41. c4 Rxb2+ 42. Kxb2
Qd2+ 43. Kb1 g5 44. Qb3 Kg6 45. c5 1-0